000
00333nam a2200133Ia 4500
008
240624s9999 xx 000 0 und d
041
_a
eng
082
_a
658.8 KAS
100
_a
KASHANI KAMRAN
245
_a
BEYOND TRADITIONAL MARKETING INNOVATIONS
260
_c
2005
_a
Chichester
_b
John Wiley
300
_a
324 : p.
365
_c
_b
26
999
_c
24367
_d
24367